000 00616nam a2200205Ia 4500
003 GCL
008 140319s9999 xx 000 0 ara d
040 _aGCL /
_cGCL
082 0 4 _aط
_b301.2
_bف ا
100 1 _aفاطمة يسرا محمد
245 1 0 _aانجازات المركز 1996 /
_cفاطمة يسرا محمد
700 1 _aفكرية عبدالخالق
260 _a[S.N] :
_bالمركز القومى لثقافة الطفل ،
_c1996
300 _a29 ص
490 _a
650 0 4 _aالثقافة
650 0 4 _aالانثربولوجيا
650 0 4 _aالانجازات
942 _2ddc
_cBK
999 _c55960
_d55960